| 000 | 00370nam a2200145Ia 4500 | ||
|---|---|---|---|
| 008 | 221030s9999 xx 000 0 und d | ||
| 020 | _a8188458473 | ||
| 041 | _aEnglish | ||
| 100 | _aA. K. Pandey | ||
| 245 | 0 |
_aIntroduction to Automata Theory & Formal Languages _cby A. K. Pandey |
|
| 260 |
_bKatson _aNew Delhi _c2015 |
||
| 300 | _a358 | ||
| 650 | _aIT | ||
| 942 | _cBK | ||
| 999 |
_c17313 _d17313 |
||